Динамические задачи механики деформируемых сред: [учебное пособие]

Бібліографічні деталі
Автор: Платова Т. М. Татьяна Миновна
Мова:Російська
Опубліковано: Томск, Изд-во Том. ун-та, 1980
Предмети:
Формат: MixedMaterials Книга
KOHA link:https://koha.lib.tpu.ru/cgi-bin/koha/opac-detail.pl?biblionumber=141051

MARC

LEADER 00000nam0a2200000 4500
001 141051
005 20231031142325.0
020 |a RU  |b 80-90374 
035 |a (RuTPU)RU\TPU\book\152837 
090 |a 141051 
100 |a 20080722d1980 m a0rusy5003 ca 
101 0 |a rus 
102 |a RU 
105 |a a z 001zy 
200 1 |a Динамические задачи механики деформируемых сред  |e [учебное пособие]  |f Т. М. Платова 
210 |a Томск  |c Изд-во Том. ун-та  |d 1980 
215 |a 106 с.  |c ил. 
610 1 |a механика 
610 1 |a динамические задачи 
610 1 |a деформируемые среды 
610 1 |a учебные пособия 
675 |a 539.37  |v 3 
700 1 |a Платова  |b Т. М.  |g Татьяна Миновна 
801 0 |a RU  |b RuMRKP  |c 19950704  |g psbo 
801 1 |a RU  |b 63413507  |c 20080722  |g PSBO 
801 2 |a RU  |b 63413507  |c 20081223  |g PSBO 
942 |c BK